[Event "Titled Tuesday intern op 23rd Apr Late"]
[Site "Chess.com INT"]
[Date "2024.04.23"]
[Round "1"]
[White "Bogaudinov, Rushan"]
[Black "Taboas Rodriguez, Daniel"]
[Result "0-1"]
[WhiteElo "1912"]
[BlackElo "2344"]
[PlyCount "96"]
[EventDate "2024.04.23"]
[EventType "swiss (blitz)"]
[EventRounds "11"]
[EventCountry "USA"]
[SourceTitle "CB18_2024"]
[SourceDate "2024.05.01"]
[SourceVersion "1"]
[SourceVersionDate "2024.05.01"]
[SourceQuality "2"]

1. e4 e5 2. Nc3 Nf6 3. g3 Nc6 4. Bg2 Bc5 5. d3 d6 6. Nf3 h6 7. Na4 Bb4+ 8. c3 Ba5 9. b4 Bb6 10. 0-0 Bg4 11. h3 Bh5 12. a3 0-0 13. g4 Bg6 14. c4 Bd4 15. Rb1 a6 16. Qc2 Ba7 17. Nc3 Nd7 18. Nd5 Nd4 19. Nxd4 Bxd4 20. Be3 Bxe3 21. Nxe3 Qg5 22. Qc1 Rfd8 23. Nd5 c6 24. Qxg5 hxg5 25. Ne3 Nf8 26. Nf5 Ne6 27. Rfd1 f6 28. a4 Bxf5 29. exf5 Nd4 30. b5 axb5 31. axb5 Ne2+ 32. Kf1 Nc3 33. bxc6 bxc6 34. Bxc6 Ra2 35. Bd5+ Kh7 36. Rdc1 Nxb1 37. Rxb1 Rd2 38. Rb3 Rd7 39. Ke1 Rc2 40. Rb8 g6 41. fxg6+ Kxg6 42. Be4+ Kg7 43. Kd1 Rxf2 44. Bf5 Ra7 45. Ke1 Rh2 46. d4 Ra1+ 47. Rb1 Rxb1+ 48. Bxb1 Rh1+ 0-1

[Event "Titled Tuesday intern op 16th Apr Early"]
[Site "Chess.com INT"]
[Date "2024.04.16"]
[Round "7"]
[White "Bogaudinov, Rushan"]
[Black "Kekic, Armin"]
[Result "0-1"]
[WhiteElo "1912"]
[BlackElo "2138"]
[PlyCount "58"]
[EventDate "2024.04.16"]
[EventType "swiss (blitz)"]
[EventRounds "11"]
[EventCountry "USA"]
[SourceTitle "CB17_2024"]
[SourceDate "2024.04.24"]
[SourceVersion "1"]
[SourceVersionDate "2024.04.24"]
[SourceQuality "1"]

1. e4 c6 2. d4 d5 3. e5 Bf5 4. c4 e6 5. Nc3 h5 6. Be3 g6 7. c5 Nd7 8. b4 Ne7 9. h3 h4 10. Nf3 Nc8 11. a4 a6 12. Be2 Na7 13. 0-0 Be7 14. b5 cxb5 15. axb5 axb5 16. Nxb5 Nxb5 17. Bxb5 0-0 18. Rxa8 Qxa8 19. Bxd7 Qa6 20. Qa4 Qe2 21. Re1 Qd3 22. Qb5 Qe4 23. Qxb7 Bxh3 24. Qb1 Qg4 25. Nxh4 Bxh4 26. g3 Bxg3 27. f3 Qxf3 28. Qc2 Bxe1 29. Bf2 Qg2# 0-1

[Event "Titled Tuesday intern op 16th Apr Late"]
[Site "Chess.com INT"]
[Date "2024.04.16"]
[Round "7"]
[White "Bogaudinov, Rushan"]
[Black "Turgut, Aydin"]
[Result "0-1"]
[WhiteElo "1912"]
[BlackElo "2322"]
[PlyCount "118"]
[EventDate "2024.04.16"]
[EventType "swiss (blitz)"]
[EventRounds "11"]
[EventCountry "USA"]
[SourceTitle "CB17_2024"]
[SourceDate "2024.04.24"]
[SourceVersion "1"]
[SourceVersionDate "2024.04.24"]
[SourceQuality "1"]

1. e4 e5 2. Nc3 Nf6 3. g3 d5 4. exd5 Nxd5 5. Bg2 Nf6 6. Nf3 Nc6 7. 0-0 Bd6 8. Re1 0-0 9. d3 Bg4 10. h3 Bh5 11. g4 Bg6 12. Nh4 Qd7 13. Bg5 Ne8 14. Nxg6 hxg6 15. Ne4 f6 16. Nxd6 Nxd6 17. Be3 Ne7 18. d4 e4 19. c4 f5 20. c5 Nf7 21. Qb3 c6 22. Bf4 Nd5 23. Be5 Nxe5 24. dxe5 Qe6 25. Qxb7 Rfb8 26. Qa6 Nb4 27. Qe2 Nd3 28. Red1 Rxb2 29. Rd2 Rxd2 30. Qxd2 Qxe5 31. Rb1 Qxc5 32. Bf1 Ne5 33. Be2 fxg4 34. hxg4 Rf8 35. Qe3 Qxe3 36. fxe3 Nf3+ 37. Kg2 a5 38. Bc4+ Rf7 39. Rb8+ Kh7 40. Bxf7 Ne5 41. Be6 c5 42. Rb5 Nd3 43. Rxa5 g5 44. Bf5+ g6 45. Ra7+ Kh6 46. Bxe4 Ne5 47. Kg3 c4 48. Rc7 c3 49. Rxc3 Nf7 50. Bd5 Ne5 51. a4 Nd7 52. a5 Nb8 53. e4 Na6 54. Rc6 Nb8 55. a6 Nd7 56. a7 Nf8 57. a8Q Kh7 58. Qa7+ Kh6 59. Rc7 Nd7 0-1

[Event "Titled Tuesday intern op 16th Apr Late"]
[Site "Chess.com INT"]
[Date "2024.04.16"]
[Round "6"]
[White "Bogaudinov, Rushan"]
[Black "Wu, Derek"]
[Result "1/2-1/2"]
[WhiteElo "1912"]
[BlackElo "2295"]
[PlyCount "162"]
[EventDate "2024.04.16"]
[EventType "swiss (blitz)"]
[EventRounds "11"]
[EventCountry "USA"]
[SourceTitle "CB17_2024"]
[SourceDate "2024.04.24"]
[SourceVersion "1"]
[SourceVersionDate "2024.04.24"]
[SourceQuality "1"]

1. d3 g6 2. g3 Bg7 3. Bg2 c5 4. f4 d6 5. Nf3 Nc6 6. 0-0 e6 7. e4 Nge7 8. Nc3 0-0 9. Rb1 Rb8 10. a4 a6 11. Be3 b5 12. axb5 axb5 13. Ne2 b4 14. Qd2 Bb7 15. g4 f5 16. Ng5 Qd7 17. exf5 gxf5 18. gxf5 Nxf5 19. Bf2 Rbe8 20. Ng3 Ncd4 21. N3e4 h6 22. Nh3 Kh8 23. c3 Nc6 24. Qe2 Qf7 25. Kh1 Rg8 26. Bf3 Qe7 27. Rg1 Ref8 28. Rg6 Nd8 29. Rbg1 bxc3 30. bxc3 Nh4 31. Bxh4 Qxh4 32. R6g3 Nf7 33. c4 Bd4 34. Rxg8+ Rxg8 35. Rxg8+ Kxg8 36. Qg2+ Kf8 37. Qg3 Qxg3 38. hxg3 Ke7 39. Kg2 Bc8 40. Nhf2 Bd7 41. Bh5 Nd8 42. Bf3 Be8 43. Ng4 Nc6 44. Nxh6 Nb4 45. Be2 Ba4 46. Ng8+ Kf7 47. Nh6+ Ke7 48. Ng8+ Kf8 49. Nh6 Bc2 50. Nxd6 Nxd3 51. Ng4 Ke7 52. Nb5 Bg7 53. Ne3 Bb1 54. Na3 Nc1 55. Nxb1 Nxe2 56. Kf2 Nd4 57. Nd2 Kd7 58. Ne4 Kc6 59. g4 Bf8 60. f5 exf5 61. Nxf5 Ne6 62. Kf3 Kd7 63. g5 Nd4+ 64. Kg4 Nc6 65. g6 Ne5+ 66. Kg5 Nxc4 67. Nxc5+ Ke8 68. Ne6 Ne5 69. Nxf8 Kxf8 70. g7+ Kg8 71. Kf6 Ng4+ 72. Kg6 Ne5+ 73. Kh6 Nf7+ 74. Kg6 Ne5+ 75. Kg5 Kf7 76. Kh6 Ng4+ 77. Kh7 Nf6+ 78. Kh8 Ke6 79. Nh6 Ke5 80. Ng8 Ne8 81. Kh7 Nxg7 1/2-1/2

[Event "Titled Tuesday intern op 16th Apr Early"]
[Site "Chess.com INT"]
[Date "2024.04.16"]
[Round "4"]
[White "Georg, Heinz"]
[Black "Bogaudinov, Rushan"]
[Result "1/2-1/2"]
[WhiteElo "2053"]
[BlackElo "1912"]
[PlyCount "82"]
[EventDate "2024.04.16"]
[EventType "swiss (blitz)"]
[EventRounds "11"]
[EventCountry "USA"]
[SourceTitle "CB17_2024"]
[SourceDate "2024.04.24"]
[SourceVersion "1"]
[SourceVersionDate "2024.04.24"]
[SourceQuality "1"]

1. e4 d6 2. d4 Nf6 3. Nc3 a6 4. Be2 b5 5. a3 Bb7 6. d5 g6 7. g4 Bg7 8. g5 Nfd7 9. f4 0-0 10. Nf3 e6 11. 0-0 exd5 12. Nxd5 Nc5 13. Bd3 Nbd7 14. Re1 Re8 15. Be3 Nxd3 16. cxd3 Bxb2 17. Bd4 Bxd4+ 18. Nxd4 c6 19. Ne3 Qb6 20. Nf3 c5 21. Kg2 c4 22. Ng4 cxd3 23. Qxd3 Rac8 24. Rad1 Rc4 25. Qxd6 Qxd6 26. Rxd6 Nc5 27. Nf6+ Kf8 28. Nxe8 Kxe8 29. e5 Rxf4 30. Re3 Ne6 31. Kg3 Rf5 32. h4 Bxf3 33. Rxf3 Rxe5 34. Rxa6 Rc5 35. Ra8+ Ke7 36. Ra7+ Nc7 37. Re3+ Kd6 38. Rf3 Ke6 39. Re3+ Kd6 40. Rf3 Ke6 41. Re3+ Kd6 1/2-1/2

[Event "Titled Tuesday intern op 16th Apr Late"]
[Site "Chess.com INT"]
[Date "2024.04.16"]
[Round "4"]
[White "Nechitailo, Nikita"]
[Black "Bogaudinov, Rushan"]
[Result "0-1"]
[WhiteElo "2248"]
[BlackElo "1912"]
[PlyCount "82"]
[EventDate "2024.04.16"]
[EventType "swiss (blitz)"]
[EventRounds "11"]
[EventCountry "USA"]
[SourceTitle "CB17_2024"]
[SourceDate "2024.04.24"]
[SourceVersion "1"]
[SourceVersionDate "2024.04.24"]
[SourceQuality "1"]

1. d4 d5 2. c4 dxc4 3. e3 e6 4. Bxc4 Nf6 5. Nf3 Be7 6. 0-0 0-0 7. Nc3 a6 8. Bb3 b5 9. a4 b4 10. Ne2 a5 11. Ng3 Nbd7 12. e4 Ba6 13. Re1 c5 14. e5 Nd5 15. Bxd5 exd5 16. e6 Nf6 17. Nf5 Ne4 18. exf7+ Rxf7 19. Nxe7+ Qxe7 20. dxc5 Qxc5 21. Be3 Qd6 22. Qd4 Raf8 23. Rad1 Bb7 24. Ne5 Rf5 25. f3 Qxe5 26. Qxe5 Rxe5 27. fxe4 Rxe4 28. Bb6 Rfe8 29. Rxe4 Rxe4 30. Bxa5 b3 31. Bb6 Rxa4 32. Rf1 h6 33. Bc5 Rc4 34. Rf8+ Kh7 35. Bd6 Rc1+ 36. Rf1 Rc2 37. Be5 Re2 38. Bc3 d4 39. Bxd4 Rxg2+ 40. Kh1 Rg4+ 41. Rf3 Bxf3# 0-1

[Event "Titled Tuesday intern op 16th Apr Early"]
[Site "Chess.com INT"]
[Date "2024.04.16"]
[Round "8"]
[White "Santeramo, Alessia Carmen"]
[Black "Bogaudinov, Rushan"]
[Result "1-0"]
[WhiteElo "2162"]
[BlackElo "1912"]
[PlyCount "85"]
[EventDate "2024.04.16"]
[EventType "swiss (blitz)"]
[EventRounds "11"]
[EventCountry "USA"]
[SourceTitle "CB17_2024"]
[SourceDate "2024.04.24"]
[SourceVersion "1"]
[SourceVersionDate "2024.04.24"]
[SourceQuality "1"]

1. e4 a6 2. d4 b5 3. Bd3 Bb7 4. Nf3 e6 5. 0-0 c5 6. c3 Nf6 7. Re1 d6 8. a4 c4 9. Bc2 Be7 10. e5 Nd5 11. Nbd2 Nd7 12. exd6 Bxd6 13. Ne4 Be7 14. Qe2 N7f6 15. Neg5 0-0 16. Ne5 h6 17. Ngxf7 Rxf7 18. Nxf7 Kxf7 19. Qxe6+ Kf8 20. Bg6 Qe8 21. Bxe8 Rxe8 22. Bd2 Bc8 23. Qe2 Bg4 24. f3 Bf5 25. Qf2 Rb8 26. axb5 axb5 27. Ra7 Bd6 28. Ra6 Bc7 29. g4 Bd3 30. h4 Kg8 31. Ree6 b4 32. cxb4 Nxb4 33. Bxb4 Rxb4 34. g5 hxg5 35. hxg5 Nh5 36. g6 Rb8 37. Qh4 Bf4 38. Qxh5 Bh6 39. Qe5 Rf8 40. Re8 Bxg6 41. Rxg6 Kh7 42. Rxf8 Kxg6 43. Qf5# 1-0

[Event "Titled Tuesday intern op 16th Apr Late"]
[Site "Chess.com INT"]
[Date "2024.04.16"]
[Round "10"]
[White "Zhu, Linxi"]
[Black "Bogaudinov, Rushan"]
[Result "0-1"]
[WhiteElo "1980"]
[BlackElo "1912"]
[PlyCount "62"]
[EventDate "2024.04.16"]
[EventType "swiss (blitz)"]
[EventRounds "11"]
[EventCountry "USA"]
[SourceTitle "CB17_2024"]
[SourceDate "2024.04.24"]
[SourceVersion "1"]
[SourceVersionDate "2024.04.24"]
[SourceQuality "1"]

1. Nf3 a5 2. e4 e6 3. d4 a4 4. a3 d5 5. e5 c5 6. Nc3 Nc6 7. Bb5 Nge7 8. Nxa4 cxd4 9. Nxd4 Bd7 10. Nc3 Nxe5 11. 0-0 Bxb5 12. Ncxb5 N7c6 13. Bf4 Be7 14. Re1 Bf6 15. Nxc6 bxc6 16. Nd4 Nc4 17. Nxc6 Qd7 18. Ne5 Nxe5 19. Bxe5 Bxe5 20. Rxe5 0-0 21. Qe2 Qc6 22. Re1 Rfb8 23. c3 g6 24. Re3 Ra4 25. Rh3 Re4 26. Qd2 Rxe1+ 27. Qxe1 Rxb2 28. g3 Qb7 29. Qe5 Rb1+ 30. Kg2 d4+ 31. f3 Qb2+ 0-1

[Event "Titled Tuesday intern op 02nd Apr Late"]
[Site "Chess.com INT"]
[Date "2024.04.02"]
[Round "10"]
[White "Baches Garcia, Guillermo"]
[Black "Bogaudinov, Rushan"]
[Result "1/2-1/2"]
[WhiteElo "2322"]
[BlackElo "1912"]
[PlyCount "65"]
[EventDate "2024.04.02"]
[EventType "swiss (blitz)"]
[EventRounds "11"]
[EventCountry "USA"]
[SourceTitle "CB15_2024"]
[SourceDate "2024.04.10"]
[SourceVersion "1"]
[SourceVersionDate "2024.04.10"]
[SourceQuality "1"]

1. d4 Nf6 2. Nf3 g6 3. Bg5 Bg7 4. Nbd2 d5 5. e3 0-0 6. Be2 c6 7. 0-0 Nbd7 8. c4 dxc4 9. Nxc4 Ne4 10. Bf4 Nb6 11. Nxb6 Qxb6 12. Qc2 Bf5 13. Bd3 Nd6 14. e4 Bg4 15. Ne5 Be6 16. Be3 Qa5 17. Bd2 Qc7 18. Rac1 Rad8 19. Rfd1 f6 20. Nc4 Nb5 21. d5 cxd5 22. exd5 Bxd5 23. Be3 Nd6 24. Nxd6 Qxc2 25. Bxc2 Rxd6 26. Rxd5 Rxd5 27. Bb3 e6 28. Bxd5 exd5 29. Rc7 Rf7 30. Rc8+ Rf8 31. Rc7 Rf7 32. Rc8+ Rf8 33. Rc7 1/2-1/2

[Event "Titled Tuesday intern op 02nd Apr Early"]
[Site "Chess.com INT"]
[Date "2024.04.02"]
[Round "10"]
[White "Bogaudinov, Rushan"]
[Black "Montano Vicente, Guadalupe"]
[Result "1-0"]
[WhiteElo "1912"]
[BlackElo "1819"]
[PlyCount "77"]
[EventDate "2024.04.02"]
[EventType "swiss (blitz)"]
[EventRounds "11"]
[EventCountry "USA"]
[SourceTitle "CB15_2024"]
[SourceDate "2024.04.10"]
[SourceVersion "1"]
[SourceVersionDate "2024.04.10"]
[SourceQuality "1"]

1. d4 Nf6 2. g3 g6 3. Bg2 Bg7 4. e4 d6 5. c4 c6 6. Nc3 0-0 7. Nf3 Qb6 8. 0-0 Qa6 9. b3 b5 10. e5 dxe5 11. dxe5 Ng4 12. cxb5 Qa5 13. Bd2 Nxe5 14. Nd4 Rd8 15. Nd5 Qa3 16. Bb4 Qb2 17. Nxc6 Nbxc6 18. Nxe7+ Kh8 19. Qc1 Qxc1 20. Raxc1 Nxe7 21. Bxe7 Re8 22. Bxa8 Bh3 23. Bg2 Bxg2 24. Kxg2 Rxe7 25. Rc8+ Bf8 26. Rxf8+ Kg7 27. Rd8 Rb7 28. a4 Nd7 29. Rc1 Nf6 30. Rc4 h5 31. h3 Nd7 32. Rdc8 Ne5 33. R4c7 Rxc7 34. Rxc7 Nd3 35. Rxa7 Nc5 36. b4 Nd3 37. b6 Nxb4 38. a5 Nc6 39. a6 1-0

[Event "Titled Tuesday intern op 02nd Apr Early"]
[Site "Chess.com INT"]
[Date "2024.04.02"]
[Round "1"]
[White "Bogaudinov, Rushan"]
[Black "Nasir, Zehn"]
[Result "1-0"]
[WhiteElo "1912"]
[BlackElo "2057"]
[PlyCount "159"]
[EventDate "2024.04.02"]
[EventType "swiss (blitz)"]
[EventRounds "11"]
[EventCountry "USA"]
[SourceTitle "CB15_2024"]
[SourceDate "2024.04.10"]
[SourceVersion "1"]
[SourceVersionDate "2024.04.10"]
[SourceQuality "1"]

1. d4 Nf6 2. Nf3 d5 3. g3 Bf5 4. Bg2 e6 5. 0-0 Be7 6. b3 0-0 7. Bb2 c5 8. Nbd2 Nc6 9. dxc5 Bxc5 10. Nh4 Bg4 11. h3 Bh5 12. g4 Bg6 13. Nxg6 hxg6 14. e3 Rc8 15. c4 d4 16. exd4 Bxd4 17. Bxd4 Qxd4 18. Nf3 Qf4 19. Qc1 Qc7 20. Qe3 b6 21. Rad1 Rfd8 22. Rfe1 Rd7 23. Rxd7 Qxd7 24. Ne5 Nxe5 25. Qxe5 Rd8 26. Bf3 Qe7 27. Qe3 Qa3 28. Re2 Qd6 29. Kg2 Qd4 30. Qxd4 Rxd4 31. Rc2 Nd7 32. b4 g5 33. c5 bxc5 34. bxc5 Nb6 35. cxb6 axb6 36. Rb2 Rd6 37. Rb5 f6 38. Rb2 Kf7 39. a4 Ke7 40. Be2 Kd7 41. Bb5+ Kc7 42. Kf3 Rd4 43. Ke3 Rf4 44. f3 e5 45. Rd2 Rb4 46. Rd7+ Kc8 47. Rxg7 Rb1 48. Rf7 Re1+ 49. Kf2 Rh1 50. Kg2 Re1 51. Rxf6 e4 52. fxe4 Rxe4 53. Rxb6 Kc7 54. Rg6 Re2+ 55. Kf3 Rb2 56. Rxg5 Kd6 57. h4 Ke6 58. Rf5 Rb3+ 59. Kf4 Rb1 60. Kg5 Ke7 61. h5 Rh1 62. h6 Ke6 63. Kg6 Ke7 64. Rf7+ Ke6 65. g5 Ke5 66. h7 Ke6 67. Rf6+ Ke7 68. Kg7 Rh2 69. Rf7+ Ke6 70. g6 Rh3 71. h8Q Rxh8 72. Kxh8 Kd6 73. Kg7 Kc5 74. Rf5+ Kb6 75. Kf6 Ka5 76. g7 Kb6 77. g8Q Ka5 78. Qd8+ Kb4 79. Qd2+ Ka3 80. Rf3# 1-0

[Event "Titled Tuesday intern op 02nd Apr Late"]
[Site "Chess.com INT"]
[Date "2024.04.02"]
[Round "3"]
[White "Gruca, Miroslav"]
[Black "Bogaudinov, Rushan"]
[Result "0-1"]
[WhiteElo "2198"]
[BlackElo "1912"]
[PlyCount "86"]
[EventDate "2024.04.02"]
[EventType "swiss (blitz)"]
[EventRounds "11"]
[EventCountry "USA"]
[SourceTitle "CB15_2024"]
[SourceDate "2024.04.10"]
[SourceVersion "1"]
[SourceVersionDate "2024.04.10"]
[SourceQuality "1"]

1. d4 Nf6 2. Nc3 d5 3. Bf4 c6 4. e3 Qa5 5. Qd2 Nbd7 6. Nf3 b5 7. Bd3 b4 8. Ne2 e6 9. h3 c5 10. dxc5 Nxc5 11. 0-0 Nfe4 12. Qd1 Be7 13. Ng3 0-0 14. a3 bxa3 15. Rxa3 Qb6 16. Ra2 a5 17. Nd2 Nxd2 18. Qxd2 Nxd3 19. Qxd3 Ba6 20. Qd4 Qxd4 21. exd4 Bxf1 22. Nxf1 a4 23. c3 Rfc8 24. Bd2 Kf8 25. g3 f6 26. f4 Bd6 27. Kg2 Kf7 28. Kf3 h5 29. Ne3 Rcb8 30. Nc2 Rb3 31. Na1 Rb5 32. Nc2 Rab8 33. Bc1 Ra8 34. Ne1 e5 35. fxe5 fxe5 36. dxe5 Bxe5 37. Nd3 Bd6 38. Ra1 a3 39. b4 a2 40. Bf4 Bxf4 41. Kxf4 Ra3 42. Ne5+ Ke6 43. c4 dxc4 0-1

[Event "Titled Tuesday intern op 02nd Apr Early"]
[Site "Chess.com INT"]
[Date "2024.04.02"]
[Round "2"]
[White "Shandrygin, Nikita"]
[Black "Bogaudinov, Rushan"]
[Result "1-0"]
[WhiteElo "2209"]
[BlackElo "1912"]
[PlyCount "49"]
[EventDate "2024.04.02"]
[EventType "swiss (blitz)"]
[EventRounds "11"]
[EventCountry "USA"]
[SourceTitle "CB15_2024"]
[SourceDate "2024.04.10"]
[SourceVersion "1"]
[SourceVersionDate "2024.04.10"]
[SourceQuality "1"]

1. e4 e6 2. d4 a6 3. g3 b5 4. Bg2 Bb7 5. Ne2 Nf6 6. d5 Bc5 7. 0-0 0-0 8. Nbc3 exd5 9. exd5 Re8 10. Bg5 h6 11. Bxf6 Qxf6 12. Ne4 Qe7 13. Nf4 Bb6 14. d6 Qd8 15. Nd5 Bxd5 16. Qxd5 Nc6 17. Rad1 Re5 18. dxc7 Qxc7 19. Qxd7 Qxd7 20. Rxd7 Rae8 21. Nd6 R8e7 22. Bxc6 Rxd7 23. Bxd7 Rd5 24. Nc8 Bd4 25. Ne7+ 1-0

[Event "Titled Tuesday intern op 12th Mar Late"]
[Site "Chess.com INT"]
[Date "2024.03.12"]
[Round "5"]
[White "Bogaudinov, Rushan"]
[Black "Harish, Neeraj"]
[Result "0-1"]
[WhiteElo "1912"]
[BlackElo "2090"]
[PlyCount "138"]
[EventDate "2024.03.12"]
[EventType "swiss (blitz)"]
[EventRounds "11"]
[EventCountry "USA"]
[SourceTitle "CB12_2024"]
[SourceDate "2023.10.01"]
[SourceVersion "1"]
[SourceVersionDate "2023.10.01"]
[SourceQuality "1"]

1. d4 Nf6 2. Nf3 g6 3. e3 d5 4. Be2 Bg7 5. 0-0 0-0 6. b3 c5 7. Bb2 Nc6 8. c4 cxd4 9. Nxd4 Nxd4 10. Bxd4 dxc4 11. Bxc4 Qc7 12. Nd2 e5 13. Bb2 Bg4 14. f3 Bd7 15. Qe2 Rfd8 16. Rfd1 Bc6 17. a4 Rd7 18. Nf1 Rad8 19. Rxd7 Nxd7 20. a5 e4 21. Bxg7 Kxg7 22. f4 Nc5 23. Ng3 f5 24. h4 Qe7 25. h5 Nd3 26. Bxd3 exd3 27. Qb2+ Qf6 28. h6+ Kf7 29. Qxf6+ Kxf6 30. Rd1 Be4 31. Kf2 Rc8 32. Nf1 Rc2+ 33. Nd2 Ra2 34. g3 Rxa5 35. g4 Ra2 36. g5+ Kf7 37. Ke1 Rc2 38. Ra1 a6 39. Rb1 b5 40. Ra1 Bb7 41. Kd1 Rc3 42. Rc1 b4 43. Ra1 Rc2 44. Ra5 Ke7 45. Re5+ Kd6 46. e4 fxe4 47. Nxe4+ Bxe4 48. Rxe4 a5 49. Rd4+ Kc5 50. Rxd3 Rc3 51. Rd7 Rxb3 52. Rxh7 a4 53. Rc7+ Kb5 54. h7 Rh3 55. f5 gxf5 56. g6 a3 57. Rb7+ Kc4 58. Rc7+ Kd3 59. g7 a2 60. Rd7+ Kc3 61. Ra7 Rxh7 62. g8Q Rxa7 63. Qc8+ Kb2 64. Qh8+ Ka3 65. Qa1 Rd7+ 66. Ke2 Rc7 67. Kd3 Rc3+ 68. Kd4 Rb3 69. Qc1+ Ka4 0-1

[Event "Titled Tuesday intern op 12th Mar Late"]
[Site "Chess.com INT"]
[Date "2024.03.12"]
[Round "10"]
[White "Bogaudinov, Rushan"]
[Black "Mizzi, Jack"]
[Result "0-1"]
[WhiteElo "1912"]
[BlackElo "2043"]
[PlyCount "44"]
[EventDate "2024.03.12"]
[EventType "swiss (blitz)"]
[EventRounds "11"]
[EventCountry "USA"]
[SourceTitle "CB12_2024"]
[SourceDate "2023.10.01"]
[SourceVersion "1"]
[SourceVersionDate "2023.10.01"]
[SourceQuality "1"]

1. b3 e5 2. Bb2 d6 3. e4 Nf6 4. d3 c6 5. Ne2 Nbd7 6. f4 Ng4 7. Qd2 exf4 8. Qxf4 Nde5 9. Nd2 Be7 10. 0-0-0 Bg5 11. Qg3 Bh4 12. Qf4 g5 13. Bxe5 gxf4 14. Bxh8 Ne3 15. g3 Bf6 16. Bxf6 Qxf6 17. d4 Nxd1 18. Kxd1 f3 19. Nf4 Qxd4 20. Ke1 f2+ 21. Ke2 Bg4+ 22. Nf3 Qxe4+ 0-1

[Event "Titled Tuesday intern op 12th Mar Late"]
[Site "Chess.com INT"]
[Date "2024.03.12"]
[Round "6"]
[White "Kovacevic, Radmila"]
[Black "Bogaudinov, Rushan"]
[Result "0-1"]
[WhiteElo "2042"]
[BlackElo "1912"]
[PlyCount "138"]
[EventDate "2024.03.12"]
[EventType "swiss (blitz)"]
[EventRounds "11"]
[EventCountry "USA"]
[SourceTitle "CB12_2024"]
[SourceDate "2023.10.01"]
[SourceVersion "1"]
[SourceVersionDate "2023.10.01"]
[SourceQuality "1"]

1. d4 g6 2. h4 h6 3. h5 g5 4. e4 Bg7 5. c3 b6 6. f4 Bb7 7. Bd3 Nf6 8. e5 Bxg2 9. exf6 Bxf6 10. Rh2 Bb7 11. fxg5 hxg5 12. Qg4 e6 13. Nf3 Bxf3 14. Qxf3 d5 15. h6 Nd7 16. Bb5 Qe7 17. Bc6 0-0-0 18. b3 e5 19. Ba3 Qe6 20. Bxd5 e4 21. Bxe6 exf3 22. Bg4 Kb8 23. Kf2 c5 24. dxc5 Be5 25. Rh5 Nf6 26. Bxf3 Nxh5 27. Bxh5 Rxh6 28. Bf3 f5 29. cxb6 axb6 30. Be7 Rh2+ 31. Bg2 Rg8 32. Nd2 g4 33. Nc4 Bxc3 34. Bd6+ Ka7 35. Rd1 Rxg2+ 36. Kxg2 Kb7 37. Bf4 Kc6 38. Rd3 Bb4 39. Ne5+ Kb7 40. Rd7+ Ka6 41. Nd3 Bc5 42. Nxc5+ bxc5 43. Rd5 Rc8 44. Rxf5 c4 45. bxc4 Rxc4 46. Kg3 Ra4 47. Rf6+ Kb7 48. Rb6+ Kxb6 49. Kxg4 Rxa2 50. Kf5 Kc6 51. Be5 Ra4 52. Bg7 Kd5 53. Bh8 Ra8 54. Bg7 Re8 55. Bh6 Re7 56. Bg5 Rd7 57. Bf6 Rf7 58. Kg6 Ke6 59. Bd4 Rf4 60. Be3 Rg4+ 61. Bg5 Rg2 62. Kh5 Kf5 63. Bh4 Rh2 64. Kh6 Rxh4+ 65. Kg7 Re4 66. Kf8 Kf6 67. Kg8 Re7 68. Kh8 Kg6 69. Kg8 Re8# 0-1

[Event "Titled Tuesday intern op 12th Mar Late"]
[Site "Chess.com INT"]
[Date "2024.03.12"]
[Round "11"]
[White "Metrick, Andrew"]
[Black "Bogaudinov, Rushan"]
[Result "0-1"]
[WhiteElo "2255"]
[BlackElo "1912"]
[PlyCount "130"]
[EventDate "2024.03.12"]
[EventType "swiss (blitz)"]
[EventRounds "11"]
[EventCountry "USA"]
[SourceTitle "CB12_2024"]
[SourceDate "2023.10.01"]
[SourceVersion "1"]
[SourceVersionDate "2023.10.01"]
[SourceQuality "1"]

1. e4 a5 2. d4 h5 3. Bc4 e6 4. Nc3 c6 5. Nf3 b5 6. Bd3 b4 7. Ne2 h4 8. h3 d5 9. e5 c5 10. c3 Nc6 11. Be3 c4 12. Bc2 Bd7 13. 0-0 a4 14. Bxa4 Rxa4 15. Qxa4 Nxe5 16. Qd1 Nxf3+ 17. gxf3 Nh6 18. Bf4 Nf5 19. Kh1 Qa5 20. Qd2 Be7 21. Rg1 g6 22. Bg5 f6 23. Bf4 g5 24. Bh2 Kf7 25. f4 Nd6 26. f3 Nf5 27. fxg5 fxg5 28. f4 Rg8 29. fxg5 Rg6 30. Be5 bxc3 31. bxc3 Qd8 32. Bf4 Bd6 33. Rab1 Qc7 34. Rg4 Ng3+ 35. Nxg3 hxg3 36. Bxd6 Qxd6 37. Rb7 Ke7 38. Qf4 Qxf4 39. Rxf4 Rxg5 40. Kg2 Kd6 41. Rf3 Bc6 42. Rb6 e5 43. Rxg3 Rxg3+ 44. Kxg3 exd4 45. cxd4 Kc7 46. Rb1 Be8 47. Rc1 Kb6 48. Rc3 Kb5 49. a3 Kc6 50. Kf4 Kd6 51. Kf5 Bd7+ 52. Kf6 Be8 53. h4 Bh5 54. Kg5 Bf3 55. h5 Ke6 56. h6 Be4 57. a4 Kd6 58. a5 Kc6 59. Kf6 Kb5 60. a6 Kxa6 61. Re3 Bb1 62. Kg7 Kb5 63. h7 Bxh7 64. Kxh7 Kb4 65. Kg6 c3 0-1

[Event "Titled Tuesday intern op 12th Mar Late"]
[Site "Chess.com INT"]
[Date "2024.03.12"]
[Round "8"]
[White "Vea, Odin Blikra"]
[Black "Bogaudinov, Rushan"]
[Result "1/2-1/2"]
[WhiteElo "2157"]
[BlackElo "1912"]
[PlyCount "120"]
[EventDate "2024.03.12"]
[EventType "swiss (blitz)"]
[EventRounds "11"]
[EventCountry "USA"]
[SourceTitle "CB12_2024"]
[SourceDate "2023.10.01"]
[SourceVersion "1"]
[SourceVersionDate "2023.10.01"]
[SourceQuality "1"]

1. e4 a6 2. d4 b5 3. c4 Bb7 4. d5 e6 5. Nc3 Nf6 6. Bg5 b4 7. Nce2 Be7 8. Ng3 Nxd5 9. exd5 Bxg5 10. Nf3 Bf6 11. Rb1 0-0 12. Be2 d6 13. 0-0 Nd7 14. Nd4 exd5 15. Bf3 c6 16. cxd5 cxd5 17. Ndf5 Nb6 18. Ne3 Be5 19. Nxd5 Nxd5 20. Bxd5 Bxd5 21. Qxd5 Rc8 22. Ne4 Re8 23. f4 Bf6 24. Rfd1 Rc2 25. Qd3 Rxb2 26. Rxb2 Bxb2 27. Nxd6 Qb6+ 28. Kh1 Rf8 29. Nc4 Qf6 30. Nxb2 Qxb2 31. Qxa6 h5 32. h3 Re8 33. Qd3 Re2 34. Qd8+ Kh7 35. Qd5 g6 36. Qxf7+ Qg7 37. Qxg7+ Kxg7 38. Rb1 Re4 39. g3 h4 40. Kg2 Kf6 41. Kf3 Rc4 42. g4 Rc3+ 43. Ke4 Rxh3 44. Rxb4 Ra3 45. Rb6+ Kg7 46. Rb2 h3 47. f5 Rg3 48. Kf4 Rg2 49. Rb3 h2 50. Rh3 gxf5 51. Kxf5 Rxa2 52. g5 Rf2+ 53. Kg4 Kg6 54. Rh6+ Kg7 55. Rh3 Kg6 56. Rh6+ Kg7 57. Kg3 Ra2 58. Rxh2 Rxh2 59. Kxh2 Kg6 60. Kg3 Kxg5 1/2-1/2